000 00705nam a2200289Ia 4500
005 20260324145236.0
008 008 260324s9999 xx 000 0 eng d
020 _a9781315179766
037 _aEBOOK
040 _aCRL
040 _beng
040 _cCRL
041 _2eng
041 _aeng
084 _qCRL
100 _aDiane Austin-Broos
_91222269
245 0 _aUrban Life in Kingston Jamaica
245 4 _bThe Culture and Class Ideology of Two Neighborhoods
260 _bTaylor and Francis
260 _c1984
365 _a
365 _b205
856 _uhttp://www.taylorfrancis.com/books/9781315179766
942 _cEBOOK
999 _c1829895
_d1829895